Statistiques concernant Petit bac Harry Potter - A

Cliquez ici pour prendre le quiz!

Statistiques générales

  • Ce quiz a été pris 1 477 fois
    (1 435 depuis la dernière actualisation)
  • Le résultat moyen est 5 sur 9

Statistiques - réponses

ThèmeMot% Correct
SortilègeAvada Kedavra / Accio / Aguamenti / Alohomora / Amplificatum / Assurdiato / Avis / Anapneo / Anteoculatia / Aparecium / Aqua Eructo / Arania Exumai / Aresto Momentum
84%
CoursArithmancie / Astronomie / Alchimie
78%
MétierAuror / Alchimiste
71%
PersonnageHannah Abbot / Euan Abercrombie / Aragog / Arnold
64%
Groupe de personnesArmée de Dumbledore
45%
LieuAzkaban / Allée des embrumes / Au Royaume du Hibou
45%
CréatureAcromentule / Abraxan / Augurey / Aquavirus / Animagus
38%
Potion / Ingrédient de potionsAmortentia / Aconit /Aiguise-Méninges / Armoise
25%
ObjetArmoire à disparaitre
14%

Distribution des résultats

Percentile par nombre de réponses

% des personnes avec chaque résultat

Votre développement - résultats

Vous n’avez pas pris ce quiz depuis la dernière actualisation